Dua Lipa - Paroles Houdini - Statistiques

Statistiques générales
  • Ce quiz a été pris 251 fois
  • Le résultat moyen est 277 sur 356
Statistiques - réponses
Hint Réponse % Correct
Refrain I
98%
(I
98%
a
96%
ah
96%
(ah-ah)
96%
(Ah-ah)
96%
Houdini
96%
mm,
95%
come
93%
Come
93%
go
93%
go)
93%
huh,
93%
me
93%
Oh-oh
93%
Ooh
93%
(ooh)
93%
you
91%
and
90%
Catch
85%
the
85%
or
84%
way
83%
Tell
81%
to
80%
for
77%
so
77%
Do
76%
do
76%
need
76%
all
75%
(her
74%
not
74%
long
73%
long)
73%
here
72%
I'm
72%
(I'm
72%
please
72%
be
71%
Couplet 1 Time
71%
ways
70%
ways)
70%
Everybody
69%
Post-refrain If
69%
is
68%
knows
68%
like
67%
baby,
66%
got
66%
it
66%
it,
66%
kiss
66%
say
66%
eclipse
65%
make
65%
your
65%
solar
63%
Prove
62%
Refrain They
62%
find
61%
my
60%
right
59%
passin'
58%
blow
57%
could
57%
don't
56%
Maybe
56%
one
56%
night
55%
are
54%
See
54%
change
53%
day?
53%
lips?
53%
stay
53%
think
53%
give
51%
Intro Okay,
51%
that
51%
you're
51%
about
50%
But
50%
readin'
50%
let
49%
sweet
49%
Couplet 2 Everything
48%
everything
48%
believe
47%
in
47%
enough,
46%
good
46%
It's
46%
moment,
46%
watchin'
46%
preach?
45%
closer,
44%
girl
44%
you'll
39%
cause
35%
something
33%
soundin'
33%
practise
31%
slip
25%
that'll
16%
Aucun quiz correspondant
Distribution des résultats
% des personnes avec chaque résultat
Percentile par nombre de réponses
Votre historique - résultats
Vous n’avez pas pris ce quiz